| 000 | 01255nam a2200325 a 4500 | ||
|---|---|---|---|
| 001 | ebr10424322 | ||
| 003 | CaPaEBR | ||
| 006 | m u | ||
| 007 | cr cn||||||||| | ||
| 008 | 101201s2009 enka s 001 0 eng d | ||
| 020 | _z9780462099583 | ||
| 020 | _z9789814312264 (e-book) | ||
| 040 |
_aCaPaEBR _cCaPaEBR |
||
| 035 | _a(OCoLC)613224720 | ||
| 050 | 1 | 4 |
_aBF637.N46 _bM35 2009eb |
| 100 | 1 | _aMallery, Rebecca. | |
| 245 | 1 | 0 |
_aNLP for rookies _h[electronic resource] / _c[by Rebecca Mallery and Katherine Russell]. |
| 246 | 3 | _aNeurolinguistic programming for rookies | |
| 260 |
_aLondon : _bMarshall Cavendish Business, _c2009. |
||
| 300 |
_a186 p. : _bill. |
||
| 490 | 0 | _aFor rookies : from rookie to expert in a week | |
| 500 | _aIncludes index. | ||
| 533 |
_aElectronic reproduction. _bPalo Alto, Calif. : _cebrary, _d2010. _nAvailable via World Wide Web. _nAccess may be limited to ebrary affiliated libraries. |
||
| 650 | 0 | _aNeurolinguistic programming. | |
| 650 | 0 | _aSelf-help techniques. | |
| 655 | 7 |
_aElectronic books. _2local |
|
| 700 | 1 | _aRussell, Katherine. | |
| 710 | 2 | _aebrary, Inc. | |
| 856 | 4 | 0 |
_uhttp://site.ebrary.com/lib/rucke/Doc?id=10424322 _zAn electronic book accessible through the World Wide Web; click to view |
| 999 |
_c143059 _d143059 |
||